Statistiques concernant Quizz Pokémon 3G

Cliquez ici pour prendre le quiz!

Statistiques générales

  • Ce quiz a été pris 238 fois
  • Le résultat moyen est 105 sur 135

Statistiques - réponses

Nom% Correct
252Arcko
98%
255Poussifeu
98%
258Gobou
97%
253Massko
97%
257Braségali
96%
256Galifeu
96%
383Groudon
95%
254Jungko
95%
259Flobio
94%
382Kyogre
94%
260Laggron
94%
384Rayquaza
94%
262Grahyèna
91%
261Medhyèna
91%
263Zigzaton
91%
277Hélédelle
90%
385Jirachi
90%
276Nirondelle
90%
323Camérupt
89%
265Chenipotte
89%
386Deoxys
89%
264Linéon
89%
266Armulys
88%
268Blindalys
88%
322Chamallot
88%
310Élecsprint
88%
269Papinox
88%
267Charmillon
87%
380Latias
87%
381Latios
87%
371Draby
86%
373Drattak
86%
309Dynavolt
86%
376Métalosse
86%
378Regice
86%
377Regirock
86%
379Registeel
86%
280Tarsal
86%
374Terhal
86%
282Gardevoir
85%
281Kirlia
85%
271Lombre
85%
375Métang
85%
319Sharpedo
85%
273Grainipiot
84%
279Bekipan
83%
278Goélise
83%
272Ludicolo
83%
270Nénupiot
83%
275Tengalice
83%
372Drackhaus
82%
321Wailord
82%
334Altaria
81%
305Galegon
81%
304Galekid
81%
306Galeking
81%
330Libégon
81%
320Wailmer
81%
312Négapi
80%
274Pifeuil
80%
311Posipi
80%
349Barpau
79%
318Carvanha
79%
324Chartor
79%
328Kraknoix
79%
307Méditikka
79%
350Milobellus
79%
289Monaflèmit
79%
354Branette
78%
308Charmina
78%
287Parecool
78%
361Stalgamin
78%
299Tarinor
78%
333Tylton
78%
329Vibraninf
78%
288Vigoroth
78%
297Hariyama
77%
362Oniglali
77%
357Tropius
77%
293Chuchmur
76%
345Lilia
76%
296Makuhita
76%
355Skelénox
76%
338Solaroc
76%
356Téraclope
76%
348Armaldo
75%
353Polichombr
75%
337Séléroc
75%
295Brouhabam
74%
346Vacilys
74%
359Absol
73%
285Balignon
73%
286Chapignon
73%
365Kaimorse
73%
294Ramboum
73%
347Anorith
72%
363Obalie
72%
292Munja
71%
290Ningale
71%
336Séviper
71%
302Ténéfix
71%
364Phogleur
70%
369Relicanth
70%
335Mangriff
69%
303Mysdibule
69%
366Coquiperl
68%
291Ninjask
68%
331Cacnea
66%
332Cacturne
66%
368Rosabyss
66%
344Kaorine
65%
352Kecleon
65%
370Lovdisc
65%
315Rosélia
65%
367Serpang
65%
283Arakdo
64%
343Balbuto
63%
317Avaltout
62%
316Gloupti
62%
351Morphéo
62%
325Spoink
62%
340Barbicha
61%
301Delcatty
61%
341Écrapince
61%
300Skitty
61%
339Barloche
60%
342Colhomard
60%
326Groret
60%
314Lumivole
60%
284Maskadra
60%
313Muciole
60%
327Spinda
60%
358Éoko
58%
298Azurill
57%
360Okéoké
55%

Distribution des résultats

Percentile par nombre de réponses

% des personnes avec chaque résultat

Votre développement - résultats

Vous n’avez pas pris ce quiz